Estadísticas para Jugadores con más partidos en la U.D. Las Palmas

Haz click aquí para intentar la prueba.

Estadísticas generales

  • Esta prueba ha sido intentada 7 veces
  • La puntuación promedio es 2 de 9

Estadísticas de respuestas

PartidosNacionaliadJugador% Correcto
265EspañaJonathan Viera
100%
221EspañaDani Castellano
50%
252EspañaJavi Castellano
50%
229EspañaAythami Artiles
17%
198EspañaGermán Dévora
17%
425EspañaDavid García
0%
247EspañaMomo
0%
241EspañaNauzet Alemán
0%
242EspañaVicente Gómez
0%

Distribución de puntuación

Porcentaje por número respondido

Porcentaje de gente con cada puntuación

Historial de tus puntuaciones

No has intentado esta prueba.